Statistiques concernant Tous les jeux de la franchise Hello Neighbor

Cliquez ici pour prendre le quiz!

Statistiques générales

  • Ce quiz a été pris 20 fois
  • Le résultat moyen est 4 sur 7

Statistiques - réponses

Date de sortieRéponse% Correct
2017Hello Neighbor
100%
2022Hello Neighbor 2
91%
2018Hello Neighbor Hide and Seek
55%
2021Secret Neighbor
45%
2021Hello Engineer
36%
2023Hello Neighbor Search and Rescue
27%
2023Hello Neighbor Nicky's Diaries
18%

Distribution des résultats

Percentile par nombre de réponses

% des personnes avec chaque résultat

Votre développement - résultats

Vous n’avez pas pris ce quiz